[Event "C.to Unione Europea U12"]
[Site "Mureck AUT"]
[Date "2010.08.04"]
[Round "1"]
[White "Fox, Jonas"]
[Black "Hofer, Emilian"]
[Result "0-1"]
[WhiteElo "2018"]
[BlackElo "1772"]
[PlyCount "110"]
[EventDate "2010.08.04"]

1. e4 e5 2. f4 exf4 3. Bc4 Nc6 4. Nf3 Be7 5. O-O d6 6. Nc3 Nf6 7. d4 O-O 8.
Bxf4 Bg4 9. Qd2 Qd7 10. Bg3 Bh5 11. Nh4 Rae8 12. Nf5 Bd8 13. Rae1 Bg6 14. a3
Nxe4 15. Nxe4 Bxf5 16. Qf4 Bg6 17. Bd3 Nxd4 18. Ng5 Bxg5 19. Qxg5 Bxd3 20. cxd3
Ne2+ 21. Kh1 Nxg3+ 22. Qxg3 Qb5 23. h4 b6 24. Rc1 Re7 25. Rc4 Qe5 26. Rcf4 Qxb2
27. d4 Qe2 28. Kh2 Re4 29. Rxe4 Qxe4 30. Rf4 Qe6 31. Rg4 Qf6 32. h5 Re8 33. Qh3
h6 34. Qg3 c5 35. dxc5 dxc5 36. Qb3 Qe5+ 37. Rg3 Qxh5+ 38. Rh3 Qe5+ 39. Rg3 h5
40. Qc4 Qe4 41. Qb5 h4 42. Rg4 Qe7 43. Kh3 Rd8 44. Qf1 Rd4 45. Qf5 Rxg4 46.
Qc8+ Kh7 47. Qf5+ g6 48. Qxg4 Qe6 49. Kxh4 Qxg4+ 50. Kxg4 c4 51. Kf3 b5 52. Ke3
a5 53. Kd4 f5 54. a4 b4 55. Kxc4 g5 0-1

[Event "C.to Unione Europea U12"]
[Site "Mureck AUT"]
[Date "2010.08.05"]
[Round "2"]
[White "Hristov, Kaloyan Vihrenov"]
[Black "Fox, Jonas"]
[Result "1-0"]
[WhiteElo "1576"]
[BlackElo "2018"]
[PlyCount "87"]
[EventDate "2010.08.04"]

1. e4 g6 2. d4 Bg7 3. Be3 d6 4. Nc3 Nd7 5. Qd2 b6 6. Nge2 Bb7 7. f3 c5 8. g4 e6
9. Nb5 Bf8 10. Qc3 a6 11. dxc5 Ne5 12. Nxd6+ Bxd6 13. O-O-O Rc8 14. f4 Qc7 15.
cxd6 Qxc3 16. Nxc3 Nd7 17. Bd4 f6 18. g5 Kf7 19. Bg2 h6 20. Na4 Rd8 21. Nxb6
Nxb6 22. Bxb6 Rd7 23. h4 f5 24. h5 gxh5 25. Rxh5 Kg6 26. Rh3 Rhh7 27. Bc7 Bxe4
28. Bxe4 fxe4 29. c4 Rxc7 30. dxc7 Rxc7 31. b3 hxg5 32. fxg5 Ne7 33. Rh6+ Kxg5
34. Rxe6 Kf5 35. Rxa6 Nc6 36. Rd6 Nb4 37. Rf6+ Ke5 38. Rae6+ Kd4 39. a3 Nd3+
40. Kd2 Nc5 41. Rd6+ Ke5 42. b4 Nb3+ 43. Kc3 Nc1 44. Rde6# 1-0

[Event "C.to Unione Europea U12"]
[Site "Mureck AUT"]
[Date "2010.08.06"]
[Round "3"]
[White "Fox, Jonas"]
[Black "Ramadani, Sarah"]
[Result "1/2-1/2"]
[WhiteElo "2018"]
[BlackElo "1615"]
[PlyCount "143"]
[EventDate "2010.08.04"]

1. e4 c5 2. Nf3 d6 3. d4 cxd4 4. Nxd4 Nf6 5. Nc3 a6 6. Be3 e6 7. Bc4 b5 8. Bb3
Bb7 9. f3 Qd7 10. O-O Be7 11. Qe1 O-O 12. Qg3 Nc6 13. Nxc6 Bxc6 14. Bh6 Nh5 15.
Qg4 b4 16. Ne2 Bf6 17. Rab1 Qa7+ 18. Kh1 Qc5 19. Bd2 Rfd8 20. Bxb4 Qb5 21. Ba3
g6 22. Ng3 Kh8 23. Nxh5 gxh5 24. Qf4 Qe5 25. Qxe5 Bxe5 26. Rbd1 a5 27. Rf2 Rac8
28. c3 Rd7 29. Re2 Rcd8 30. Kg1 Kg7 31. Kf2 Rg8 32. g3 Rgd8 33. Red2 a4 34. Bc2
d5 35. f4 Bc7 36. exd5 Bb6+ 37. Ke1 exd5 38. Bf5 Rc7 39. Kf1 Bb5+ 40. Kg2 Bc6
41. Kh3 Bd7 42. Bxd7 Rcxd7 43. c4 Ba5 44. Rxd5 Rxd5 45. Rxd5 Rxd5 46. cxd5 Bd8
47. d6 f5 48. Kg2 Kf7 49. Kf3 Ke6 50. Ke3 Bb6+ 51. Kd3 Bg1 52. h3 Bh2 53. Ke3
Bxg3 54. Bb4 Bh4 55. b3 axb3 56. axb3 Bd8 57. Kd4 Bh4 58. d7 Bf6+ 59. Kc5 Kxd7
60. Kd5 Bg7 61. Bc5 h6 62. Bd4 Bf8 63. Ke5 Bg7+ 64. Kd5 Bf8 65. b4 Bxb4 66. Ke5
Ke8 67. Kxf5 Kf7 68. Be5 Be7 69. Bc7 Bf8 70. Bd8 Bg7 71. Ke4 Bh8 72. f5 1/2-1/2

[Event "C.to Unione Europea U12"]
[Site "Mureck AUT"]
[Date "2010.08.08"]
[Round "5"]
[White "Fox, Jonas"]
[Black "Nussbaumer, Vincent"]
[Result "1-0"]
[WhiteElo "2018"]
[BlackElo "1821"]
[PlyCount "147"]
[EventDate "2010.08.04"]

1. e4 c5 2. Nf3 Nc6 3. d4 cxd4 4. Nxd4 g6 5. Be3 Bg7 6. Bc4 Nf6 7. Nc3 O-O 8.
O-O d6 9. f4 Ng4 10. Nxc6 Nxe3 11. Nxd8 Nxd1 12. Raxd1 Rxd8 13. f5 Bd7 14. fxg6
hxg6 15. Bxf7+ Kh7 16. Bb3 Rf8 17. Rxf8 Rxf8 18. h3 Bc6 19. Bd5 Bh6 20. Rd3 Bc1
21. Bxc6 bxc6 22. b3 Ba3 23. Na4 Rf4 24. Re3 Kg7 25. g3 Rf6 26. Kg2 Bc1 27. Re2
g5 28. c4 Kg6 29. Nc3 Kh5 30. e5 dxe5 31. Rxe5 Bb2 32. Re3 e5 33. Ne2 c5 34.
Rd3 e4 35. Re3 Re6 36. Nc3 Bxc3 37. Rxc3 e3 38. Rc1 Rf6 39. Rf1 Rd6 40. Re1
Rd2+ 41. Kf3 Rxa2 42. Rxe3 Ra3 43. Ke4 a5 44. Rd3 Kg6 45. Rf3 a4 46. bxa4 Rxa4
47. Kd5 Ra5 48. Re3 Kf7 49. h4 gxh4 50. gxh4 Ra6 51. Kxc5 Rh6 52. Re4 Rh5+ 53.
Kb4 Kf6 54. c5 Kf5 55. Rc4 Ke6 56. c6 Rh8 57. c7 Kd7 58. c8=Q+ Rxc8 59. Rxc8
Kxc8 60. h5 Kd7 61. h6 Ke6 62. h7 Ke5 63. h8=Q+ Ke6 64. Qh5 Kd6 65. Qf5 Ke7 66.
Qg6 Kd7 67. Qf6 Kc7 68. Qe6 Kb7 69. Qd6 Kc8 70. Qe7 Kb8 71. Qd7 Ka8 72. Kb5 Kb8
73. Kb6 Ka8 74. Qc8# 1-0

[Event "C.to Unione Europea U12"]
[Site "Mureck AUT"]
[Date "2010.08.09"]
[Round "6"]
[White "Fox, Jonas"]
[Black "Ferreira Da Costa, Hugo Miguel"]
[Result "0-1"]
[WhiteElo "2018"]
[BlackElo "1564"]
[PlyCount "82"]
[EventDate "2010.08.04"]

1. e4 c5 2. Nf3 g6 3. d4 cxd4 4. Nxd4 Nc6 5. Be3 Bg7 6. Nc3 Nf6 7. Bc4 d6 8.
Bb3 O-O 9. O-O Ng4 10. Nxc6 bxc6 11. Bg5 h6 12. Bh4 Rb8 13. h3 Ne5 14. f4 Nd7
15. g4 Nc5 16. Kh2 Qc7 17. Qf3 a5 18. Rab1 Ba6 19. Rfe1 Bb5 20. Nxb5 cxb5 21.
c3 b4 22. Bc2 bxc3 23. bxc3 Na6 24. Rec1 Rfc8 25. Bd3 Nc5 26. Be2 Na4 27. c4
Rxb1 28. Rxb1 Nc3 29. Rb3 Nxe2 30. Qxe2 Qxc4 31. Qg2 a4 32. Rb7 Qd3 33. Rb4 Rc2
34. Bf2 Rxa2 35. Rb8+ Kh7 36. Rb4 Qc3 37. Rb1 Bd4 38. Rf1 a3 39. Kh1 Bxf2 40.
Rxf2 Rxf2 41. Qxf2 Qa1+ 0-1

[Event "C.to Unione Europea U12"]
[Site "Mureck AUT"]
[Date "2010.08.10"]
[Round "7"]
[White "Molnar, Erno"]
[Black "Fox, Jonas"]
[Result "0-1"]
[WhiteElo "1632"]
[BlackElo "2018"]
[PlyCount "74"]
[EventDate "2010.08.04"]

1. e4 g6 2. d4 Bg7 3. Nf3 d6 4. Bc4 b6 5. O-O Bb7 6. Nc3 e6 7. Re1 Nd7 8. Bf4
a6 9. Qe2 b5 10. Bb3 Nb6 11. Rad1 Qd7 12. a3 h6 13. h3 Ne7 14. Qd3 g5 15. Bg3
Ng6 16. Ne2 Ke7 17. Rc1 Rac8 18. c4 bxc4 19. Bxc4 Nxc4 20. Rxc4 a5 21. Rc3 Ra8
22. Rec1 Rhc8 23. Qc2 Ba6 24. Kf1 Ra7 25. Rc6 Nf4 26. Bxf4 gxf4 27. Qd2 Bb5 28.
R6c3 Bxe2+ 29. Kxe2 Qb5+ 30. Ke1 Rb7 31. R1c2 e5 32. d5 Kd7 33. Nh4 Bf6 34. Nf5
Bg5 35. h4 f3 36. hxg5 fxg2 37. Rg3 Qf1# 0-1

[Event "C.to Unione Europea U12"]
[Site "Mureck AUT"]
[Date "2010.08.11"]
[Round "8"]
[White "Fox, Jonas"]
[Black "Cavadas, Francisco Manuel Silva"]
[Result "0-1"]
[WhiteElo "2018"]
[BlackElo "1567"]
[PlyCount "118"]
[EventDate "2010.08.04"]

1. e4 c5 2. Nf3 g6 3. d4 cxd4 4. Nxd4 Nc6 5. Be3 Bg7 6. Nc3 Nf6 7. Bc4 O-O 8.
O-O d6 9. h3 Bd7 10. Qd2 Rc8 11. Be2 Re8 12. f4 Qa5 13. Rf2 Nxd4 14. Qxd4 Ng4
15. e5 Nxf2 16. Kxf2 Bc6 17. Qxa7 Qxa7 18. Bxa7 dxe5 19. fxe5 Bxe5 20. Bb6 Bc7
21. Bxc7 Rxc7 22. Rd1 Kg7 23. Bd3 Rd8 24. Re1 e6 25. Re3 Kf8 26. h4 Rd4 27. g3
Rb4 28. b3 Rd4 29. Ke2 Ke7 30. a4 Bf3+ 31. Kd2 Bc6 32. Ke2 Kf6 33. Be4 Bxe4 34.
Nxe4+ Kg7 35. c4 Rc6 36. Ke1 e5 37. g4 f5 38. gxf5 gxf5 39. Ng3 Kf6 40. Rf3 f4
41. Ne2 Re4 42. Kf2 Re3 43. Rxe3 fxe3+ 44. Kxe3 Rb6 45. Nc1 Kf5 46. Kf3 e4+ 47.
Ke3 Rh6 48. Ne2 Rxh4 49. Ng1 Rh1 50. Ne2 Rh3+ 51. Kd2 Ke5 52. Nc3 h5 53. a5 h4
54. c5 Rxc3 55. Kxc3 Kd5 56. b4 h3 57. b5 Kxc5 58. a6 bxa6 59. bxa6 Kb6 0-1

[Event "C.to Unione Europea U12"]
[Site "Mureck AUT"]
[Date "2010.08.12"]
[Round "9"]
[White "Szukics, Adam"]
[Black "Fox, Jonas"]
[Result "1-0"]
[WhiteElo "1600"]
[BlackElo "2018"]
[PlyCount "109"]
[EventDate "2010.08.04"]

1. e4 g6 2. d4 Bg7 3. Nc3 d6 4. Be3 e6 5. Qd2 Nd7 6. Nge2 b6 7. O-O-O a5 8. Nb5
h6 9. Qc3 Ke7 10. Nxc7 Rb8 11. Nb5 Ba6 12. Qb3 Bxb5 13. Qxb5 Ngf6 14. f3 Ne8
15. Nc3 Rc8 16. f4 Qc7 17. e5 d5 18. Bd3 h5 19. Qb3 Qb7 20. Nb5 Bh6 21. Rhf1
Kf8 22. Qa3+ Kg7 23. Nd6 Nxd6 24. Qxd6 Rhd8 25. Qa3 Qc7 26. Qb3 Nb8 27. Kb1 Nc6
28. c3 Kh7 29. h3 Ra8 30. g4 a4 31. Qc2 Na5 32. gxh5 Nc4 33. Bxc4 Qxc4 34.
hxg6+ fxg6 35. Rg1 Rg8 36. h4 a3 37. b3 Qc8 38. h5 Qe8 39. hxg6+ Rxg6 40. Rxg6
Qxg6 41. Qxg6+ Kxg6 42. f5+ Kg7 43. Rg1+ Kf7 44. Bxh6 exf5 45. Rg7+ Ke6 46.
Rg6+ Kf7 47. Rf6+ Kg8 48. Rxf5 Rc8 49. Rf8+ Rxf8 50. Bxf8 Kxf8 51. c4 dxc4 52.
bxc4 Ke7 53. d5 Kd7 54. Kc2 Ke7 55. Kb3 1-0

[Event "C.to Unione Europea U14"]
[Site "Mureck AUT"]
[Date "2010.08.05"]
[Round "2"]
[White "Menezes, Christoph"]
[Black "Teutsch, Alexander"]
[Result "1-0"]
[WhiteElo "1947"]
[BlackElo "1779"]
[PlyCount "103"]
[EventDate "2010.08.04"]

1. d4 Nf6 2. c4 c5 3. d5 e6 4. Nc3 exd5 5. cxd5 d6 6. Nf3 g6 7. e4 Bg7 8. h3
O-O 9. Bd3 b5 10. Bxb5 Nxe4 11. Nxe4 Qa5+ 12. Nfd2 Qxb5 13. Nxd6 Qa6 14. N2c4
Rd8 15. Qe2 Bf8 16. Nxc8 Qxc8 17. Bf4 Rxd5 18. Bxb8 Rxb8 19. O-O Bg7 20. Rad1
Rd4 21. b3 Qd7 22. Rxd4 cxd4 23. Qd3 Qd5 24. Re1 a5 25. a4 Bf6 26. Rb1 Rb7 27.
Qf3 Qxf3 28. gxf3 Ra7 29. Kf1 Kf8 30. Ke2 Ke7 31. Kd3 Ke6 32. Re1+ Kd5 33. Re8
h5 34. Rb8 Bh4 35. Rb5+ Ke6 36. Nxa5 Bxf2 37. Nc4 Ra6 38. a5 Ra7 39. b4 f6 40.
Ke2 Bg3 41. Rc5 Bd6 42. Rb5 Rc7 43. Kd3 Be5 44. a6 Ra7 45. Rb6+ Kd7 46. Nxe5+
fxe5 47. Rxg6 Ra8 48. b5 Rf8 49. a7 Rxf3+ 50. Ke2 Re3+ 51. Kd2 Ra3 52. Ra6 1-0

[Event "C.to Unione Europea U14"]
[Site "Mureck AUT"]
[Date "2010.08.07"]
[Round "4"]
[White "Szente Varga, Fruzsina"]
[Black "Teutsch, Alexander"]
[Result "0-1"]
[WhiteElo "1938"]
[BlackElo "1779"]
[PlyCount "64"]
[EventDate "2010.08.04"]

1. e4 d5 2. exd5 Nf6 3. d4 Nxd5 4. c4 Nb6 5. Nc3 e5 6. dxe5 Qxd1+ 7. Nxd1 Nc6
8. f4 Be6 9. b3 Bb4+ 10. Bd2 Bxd2+ 11. Kxd2 O-O-O+ 12. Kc3 g5 13. g3 f6 14. Nf3
g4 15. Nh4 fxe5 16. f5 Bf7 17. Ne3 h5 18. Bg2 Nd4 19. Rhe1 Rhe8 20. Be4 c6 21.
Nf1 Nd7 22. Nd2 Nf6 23. Bd3 Kc7 24. Re3 c5 25. Rae1 Kd6 26. a3 b5 27. b4 Rc8
28. Ra1 cxb4+ 29. Kb2 bxc4 30. Ne4+ Nxe4 31. Bxe4 c3+ 32. Kb1 b3 0-1

[Event "C.to Unione Europea U14"]
[Site "Mureck AUT"]
[Date "2010.08.08"]
[Round "5"]
[White "Teutsch, Alexander"]
[Black "Bida, Mihai-Eugen"]
[Result "0-1"]
[WhiteElo "1779"]
[BlackElo "2036"]
[PlyCount "104"]
[EventDate "2010.08.04"]

1. d4 Nf6 2. c4 e6 3. Nc3 Bb4 4. e3 O-O 5. Bd3 d5 6. cxd5 exd5 7. Nge2 c5 8. a3
cxd4 9. axb4 dxc3 10. bxc3 Nc6 11. O-O Bg4 12. f3 Bh5 13. Nf4 Bg6 14. Ra2 Ne5
15. Bxg6 Nxg6 16. Qd4 a6 17. Rd1 Qc7 18. Ra5 Nxf4 19. exf4 Rac8 20. Rc5 Qb6 21.
Be3 Rxc5 22. Qxc5 Qe6 23. Qb6 Rc8 24. Qxe6 fxe6 25. Bd4 Kf7 26. Kf2 Nd7 27. Ke3
Nb8 28. Rd3 Nc6 29. Bb6 Ne7 30. g4 g6 31. h3 Rc6 32. Bd4 Nc8 33. Be5 Nb6 34.
Kd2 Nc4+ 35. Kc2 Nxe5 36. fxe5 Rc4 37. Kd2 Ke7 38. Ke3 g5 39. Kd2 Kd7 40. Kc2
h6 41. Kb3 Rf4 42. Kb2 Kc6 43. Kb3 b6 44. Re3 a5 45. bxa5 bxa5 46. Ka3 a4 47.
Kb2 Kc5 48. Ka3 d4 49. cxd4+ Kxd4 50. Re2 Rxf3+ 51. Kxa4 Rxh3 52. Kb5 52... Kd5
{...} 0-1

[Event "C.to Unione Europea U14"]
[Site "Mureck AUT"]
[Date "2010.08.09"]
[Round "6"]
[White "Binder, Moriz"]
[Black "Teutsch, Alexander"]
[Result "1/2-1/2"]
[WhiteElo "1830"]
[BlackElo "1779"]
[PlyCount "81"]
[EventDate "2010.08.04"]

1. e4 d5 2. exd5 Nf6 3. Bb5+ Bd7 4. Bc4 Bg4 5. Nf3 Nxd5 6. c3 e6 7. Qa4+ Qd7 8.
Bb5 c6 9. Bxc6 Nxc6 10. Qxg4 O-O-O 11. d4 Bd6 12. Qe4 h6 13. g3 Rhe8 14. Ne5
Bxe5 15. dxe5 Nf6 16. Qe2 Nxe5 17. O-O Qd5 18. f4 Nc4 19. b3 Nd6 20. Be3 Kb8
21. Nd2 Nde4 22. Nxe4 Qxe4 23. Rfe1 Qg6 24. a4 a6 25. Bd4 Ka8 26. b4 Nd5 27.
Rf1 Rc8 28. Qb2 f6 29. a5 Qd3 30. Rfd1 Qc4 31. Rdc1 e5 32. fxe5 fxe5 33. Bc5
Qg4 34. Qg2 e4 35. c4 Nf6 36. Be3 Qf3 37. Ra3 Qf5 38. h3 Qe6 39. Rac3 Rcd8 40.
Kh2 Rd3 41. Qe2 1/2-1/2

[Event "C.to Unione Europea U14"]
[Site "Mureck AUT"]
[Date "2010.08.11"]
[Round "8"]
[White "Andias Menezes, Joao Pedro"]
[Black "Teutsch, Alexander"]
[Result "1/2-1/2"]
[WhiteElo "1840"]
[BlackElo "1779"]
[PlyCount "100"]
[EventDate "2010.08.04"]

1. e4 d5 2. exd5 Nf6 3. d4 Nxd5 4. c4 Nb6 5. Nf3 g6 6. Nc3 Bg7 7. c5 Nd5 8. Bc4
c6 9. Bxd5 cxd5 10. Qb3 Nc6 11. Qxd5 Nxd4 12. Nxd4 Bxd4 13. Qxd8+ Kxd8 14. Nb5
Bxc5 15. Bf4 Bb6 16. O-O-O+ Bd7 17. Rd2 Ke8 18. Nc7+ Bxc7 19. Bxc7 Rc8 20. Rc2
Bc6 21. Bf4 f6 22. Re1 Kf7 23. g3 Rhd8 24. Rd1 Be4 25. Rc3 Rxc3+ 26. bxc3 Rxd1+
27. Kxd1 e5 28. Be3 a6 29. Bb6 Ke6 30. Ke2 Bc2 31. Kd2 Bb1 32. a4 Kd5 33. a5 f5
34. Ke3 g5 35. Bd8 h6 36. Be7 Be4 37. Bb4 f4+ 38. Ke2 Bg6 39. Be7 Ke4 40. Bd6
Bh5+ 41. Ke1 Kf5 42. Bf8 Kg6 43. Bd6 fxg3 44. fxg3 e4 45. Kf2 Bf3 46. Ke3 Kf5
47. Bf8 h5 48. Be7 Kg4 49. h4 gxh4 50. gxh4 Kf5 1/2-1/2

[Event "C.to Unione Europea U14"]
[Site "Mureck AUT"]
[Date "2010.08.12"]
[Round "9"]
[White "Markoja, Sebastijan"]
[Black "Teutsch, Alexander"]
[Result "1-0"]
[WhiteElo "1931"]
[BlackElo "1779"]
[PlyCount "55"]
[EventDate "2010.08.04"]

1. e4 d5 2. exd5 Nf6 3. Bb5+ Bd7 4. Be2 Nxd5 5. d4 Bf5 6. Nf3 e6 7. a3 Be7 8.
c4 Nb6 9. Nc3 O-O 10. Be3 Bf6 11. h3 h5 12. O-O Nc6 13. b4 Qd7 14. b5 Na5 15.
c5 Nbc4 16. Qa4 Nxe3 17. fxe3 b6 18. e4 Bg6 19. e5 Be7 20. c6 Qe8 21. Qd1 Rd8
22. Bd3 Nb3 23. Bxg6 Nxa1 24. Bd3 Bxa3 25. Qxa1 Bb4 26. Ne4 f5 27. Neg5 Bc5 28.
Bc4 1-0

[Event "IV Memorial Aldo Perini A"]
[Site "Senigallia ITA"]
[Date "2010.08.02"]
[Round "1"]
[White "Belezky, Alexander"]
[Black "Raselli, Claudio"]
[Result "1-0"]
[WhiteElo "2440"]
[BlackElo "1953"]
[PlyCount "61"]
[EventDate "2010.08.02"]

1. Nf3 e6 2. g3 c5 3. Bg2 Nc6 4. d3 g6 5. c3 Bg7 6. O-O Nge7 7. e4 O-O 8. Re1
b6 9. a4 Bb7 10. Na3 d5 11. e5 a6 12. Bf4 h6 13. h4 Rc8 14. Bf1 Qd7 15. Nc2
Rfd8 16. Bg2 Kh7 17. Re2 Nf5 18. Ne3 Nxe3 19. fxe3 Qc7 20. d4 c4 21. h5 Ne7 22.
g4 Kg8 23. g5 Nf5 24. Bh3 Kh7 25. gxh6 Bxh6 26. hxg6+ fxg6 27. Bxh6 Kxh6 28.
Rh2 Kg7 29. Bxf5 gxf5 30. Ng5 Rg8 31. Kf2 1-0

[Event "IV Memorial Aldo Perini A"]
[Site "Senigallia ITA"]
[Date "2010.08.02"]
[Round "1"]
[White "Bonavoglia, Marco"]
[Black "Rotoni, Matteo"]
[Result "0-1"]
[WhiteElo "1872"]
[BlackElo "2148"]
[PlyCount "36"]
[EventDate "2010.08.02"]

1. d4 d5 2. Nc3 e6 3. e4 Bb4 4. a3 Bxc3+ 5. bxc3 dxe4 6. f3 Nf6 7. c4 O-O 8.
fxe4 Nxe4 9. Nf3 b6 10. Bd3 Bb7 11. O-O Nd7 12. Qe1 f5 13. Bxe4 fxe4 14. Ng5
Rxf1+ 15. Qxf1 Qe7 16. Qf4 e5 17. dxe5 Nxe5 18. Nxe4 Ng6 0-1

[Event "IV Memorial Aldo Perini A"]
[Site "Senigallia ITA"]
[Date "2010.08.02"]
[Round "1"]
[White "Boraso, Alessio"]
[Black "Vincenzi, Marco"]
[Result "0-1"]
[WhiteElo "1854"]
[BlackElo "2103"]
[PlyCount "144"]
[EventDate "2010.08.02"]

1. d4 Nf6 2. c4 g6 3. Nc3 d5 4. Qb3 dxc4 5. Qxc4 Bg7 6. Bf4 c6 7. e4 O-O 8. Nf3
b5 9. Qd3 b4 10. Na4 Ba6 11. Qc2 Bxf1 12. Kxf1 Qa5 13. g3 Nxe4 14. Qxe4 Qxa4
15. Qxe7 Na6 16. Kg2 c5 17. Qh4 Qc6 18. Bh6 Bxh6 19. Qxh6 cxd4 20. Rac1 Qf6 21.
Ng5 Qg7 22. Qxg7+ Kxg7 23. Rc6 h6 24. Nf3 Nb8 25. Rd6 a5 26. Rc1 Ra6 27. Rxa6
Nxa6 28. Rc6 Nb8 29. Rd6 Rc8 30. Nxd4 Kf8 31. Kf3 Ke7 32. Rb6 Rc4 33. Rxb8 Rxd4
34. Ke3 Rd5 35. Rb6 h5 36. Ra6 Re5+ 37. Kd3 Rd5+ 38. Ke3 Rc5 39. Kd3 Re5 40. h4
Rd5+ 41. Ke3 Re5+ 42. Kd3 Rf5 43. Ke2 Kd7 44. Ke3 Kc7 45. f4 Kb7 46. Rd6 Kc7
47. Ra6 Kd7 48. Kd4 Ke7 49. Rc6 f6 50. Rc7+ Ke6 51. Kc4 g5 52. fxg5 fxg5 53.
hxg5 Rxg5 54. a4 bxa3 55. bxa3 Rxg3 56. Rc5 Rg4+ 57. Kb5 h4 58. Kxa5 Kf6 59.
Rh5 Rg5+ 60. Rxg5 Kxg5 61. a4 h3 62. Kb6 h2 63. a5 h1=Q 64. Ka7 Qg1+ 65. Kb7
Qg2+ 66. Ka7 Qf2+ 67. Kb7 Qf3+ 68. Ka7 Qe3+ 69. Kb7 Qe4+ 70. Ka7 Qd4+ 71. Kb7
Qd5+ 72. Kb6 Qa8 0-1

[Event "IV Memorial Aldo Perini A"]
[Site "Senigallia ITA"]
[Date "2010.08.02"]
[Round "1"]
[White "Borgiani, Flavio"]
[Black "Filippini, Emanuele"]
[Result "1-0"]
[WhiteElo "2194"]
[BlackElo "1896"]
[PlyCount "45"]
[EventDate "2010.08.02"]

1. d4 d5 2. Nc3 Nf6 3. Bg5 Bf5 4. f3 c6 5. Bxf6 exf6 6. e4 dxe4 7. fxe4 Bg6 8.
Nf3 Bb4 9. Bd3 Bh5 10. Be2 Qe7 11. Qd3 Nd7 12. O-O Rd8 13. Qe3 Nc5 14. Nh4 Bxe2
15. Nf5 Qf8 16. Nxe2 Ne6 17. Kh1 g6 18. Nh6 Be7 19. c4 f5 20. exf5 Bg5 21. Qe5
Bxh6 22. fxe6 f5 23. e7 1-0

[Event "IV Memorial Aldo Perini A"]
[Site "Senigallia ITA"]
[Date "2010.08.02"]
[Round "1"]
[White "Calavalle, Giulio"]
[Black "De Nisi, Roberta"]
[Result "1-0"]
[WhiteElo "2201"]
[BlackElo "1900"]
[PlyCount "88"]
[EventDate "2010.08.02"]

1. e4 e6 2. Nf3 d5 3. e5 c5 4. b4 cxb4 5. d4 Nc6 6. a3 Bd7 7. axb4 Bxb4+ 8. c3
Be7 9. Bd3 Na5 10. O-O Qb6 11. Na3 a6 12. Bd2 Qc7 13. Qc2 Bxa3 14. Rxa3 Nc4 15.
Ra2 Nxd2 16. Nxd2 Ne7 17. f4 Nf5 18. Rf3 h5 19. Rh3 Ke7 20. Qb3 g6 21. Qb4+ Ke8
22. Bxf5 gxf5 23. c4 Bc6 24. Rc2 a5 25. Qa3 Qe7 26. Qb2 a4 27. Rcc3 f6 28. exf6
Qxf6 29. Rce3 Kf7 30. Nf3 Rae8 31. Ne5+ Kf8 32. Reg3 Rg8 33. Qa3+ Re7 34. cxd5
exd5 35. Rxh5 Rxg3 36. Qxg3 Rg7 37. Rh8+ Ke7 38. Qa3+ Ke6 39. Rh3 Rg8 40. Re3
Qg7 41. Nxc6+ Kd7 42. Re7+ Qxe7 43. Qxe7+ Kxc6 44. Qe6+ Kc7 1-0

[Event "IV Memorial Aldo Perini A"]
[Site "Senigallia ITA"]
[Date "2010.08.02"]
[Round "1"]
[White "Capuano, Francesca"]
[Black "Giretti Kanev, Jasen"]
[Result "0-1"]
[WhiteElo "1906"]
[BlackElo "2208"]
[PlyCount "72"]
[EventDate "2010.08.02"]

1. d4 c5 2. d5 Nf6 3. Nc3 d6 4. e4 a6 5. a4 g6 6. Nf3 Bg7 7. Be2 O-O 8. O-O b6
9. Nd2 h5 10. Nc4 Nbd7 11. f4 Ng4 12. Bxg4 hxg4 13. f5 Bd4+ 14. Be3 Ne5 15.
Bxd4 Nxc4 16. Bf2 gxf5 17. b3 Ne5 18. Qd2 f6 19. Rae1 fxe4 20. Nxe4 Qe8 21. Ng3
Bd7 22. Be3 Qg6 23. Qf2 b5 24. Nf5 Bxf5 25. Qxf5 Qxf5 26. Rxf5 bxa4 27. bxa4
Rab8 28. Bd2 Rb2 29. Rc1 Ra2 30. Rf4 f5 31. Bc3 Ng6 32. Rc4 Kf7 33. Kf2 e6 34.
dxe6+ Kxe6 35. Ke2 Kd5 36. Kd3 Ra3 0-1

[Event "IV Memorial Aldo Perini A"]
[Site "Senigallia ITA"]
[Date "2010.08.02"]
[Round "1"]
[White "Damia, Angelo"]
[Black "Neri, Angelo"]
[Result "1-0"]
[WhiteElo "2281"]
[BlackElo "1923"]
[PlyCount "61"]
[EventDate "2010.08.02"]

1. e4 e6 2. d4 d5 3. Nc3 dxe4 4. Nxe4 Nf6 5. Nxf6+ Qxf6 6. Nf3 h6 7. c3 Nd7 8.
Be3 Bd6 9. Bd3 O-O 10. Bc2 Re8 11. Qd3 Nf8 12. O-O-O Bd7 13. Nd2 Bc6 14. Ne4
Qf5 15. f3 Bf4 16. Kb1 Bxe3 17. Qxe3 Qa5 18. f4 Bd5 19. a3 Bxe4 20. Bxe4 c6 21.
g4 f5 22. Bc2 fxg4 23. h3 Qd5 24. hxg4 Qd8 25. g5 hxg5 26. fxg5 Kf7 27. g6+ Ke7
28. Qe5 Kd7 29. Qxg7+ Re7 30. Qe5 Qc7 31. g7 1-0

[Event "IV Memorial Aldo Perini A"]
[Site "Senigallia ITA"]
[Date "2010.08.02"]
[Round "1"]
[White "De Santis, Alessio"]
[Black "Marozzi, Giovanni"]
[Result "1-0"]
[WhiteElo "2348"]
[BlackElo "1928"]
[PlyCount "91"]
[EventDate "2010.08.02"]

1. b3 e5 2. Bb2 d6 3. e3 Nc6 4. Nf3 Nf6 5. d4 exd4 6. Nxd4 Bd7 7. Nc3 d5 8. Be2
Ne5 9. h3 c6 10. f4 Ng6 11. Qd3 Qa5 12. a3 a6 13. b4 Qc7 14. g4 h6 15. O-O-O
O-O-O 16. Nb3 c5 17. bxc5 Bxc5 18. Nxc5 Qxc5 19. g5 hxg5 20. fxg5 Ne4 21. Nxe4
dxe4 22. Qc4 Qxc4 23. Bxc4 Rxh3 24. Rxh3 Bxh3 25. Rxd8+ Kxd8 26. Bxf7 Bf5 27.
Bxg7 Ke7 28. Bd5 b5 29. Bb7 a5 30. Bc3 b4 31. axb4 axb4 32. Bxb4+ Kd7 33. Bc3
Nf8 34. Ba6 Ne6 35. Bb5+ Kd6 36. Bb4+ Kc7 37. Be7 Bg6 38. Kd2 Ng7 39. c4 Nf5
40. Bc5 Ng7 41. Kc3 Ne6 42. Be7 Kb6 43. Kb4 Kc7 44. c5 Ng7 45. Bd6+ Kb7 46. Ka5
1-0

[Event "IV Memorial Aldo Perini A"]
[Site "Senigallia ITA"]
[Date "2010.08.02"]
[Round "1"]
[White "Guccione, Daniele"]
[Black "Stromboli, Carlo"]
[Result "0-1"]
[WhiteElo "1924"]
[BlackElo "2285"]
[PlyCount "56"]
[EventDate "2010.08.02"]

1. e4 c5 2. Nf3 Nc6 3. d3 g6 4. g3 Bg7 5. Bg2 Nf6 6. O-O d6 7. Nbd2 Rb8 8. Re1
O-O 9. Nf1 b5 10. c3 Bg4 11. Ne3 Bxf3 12. Bxf3 Nd7 13. Bg2 b4 14. c4 a5 15. h4
h5 16. f4 e6 17. f5 Nd4 18. Bh3 a4 19. Nc2 a3 20. Rb1 b3 21. Nxa3 Ne5 22. Rf1
bxa2 23. Ra1 exf5 24. exf5 Rb3 25. fxg6 fxg6 26. Bg5 Qb8 27. Rxa2 Rxd3 28. Qb1
Qb3 0-1

[Event "IV Memorial Aldo Perini A"]
[Site "Senigallia ITA"]
[Date "2010.08.02"]
[Round "1"]
[White "Guidi, Giacomo G."]
[Black "Valsecchi, Alessio"]
[Result "0-1"]
[WhiteElo "1936"]
[BlackElo "2360"]
[PlyCount "70"]
[EventDate "2010.08.02"]

1. Nf3 Nf6 2. g3 d5 3. Bg2 g6 4. O-O Bg7 5. d3 O-O 6. Nbd2 c5 7. e4 Nc6 8. Re1
dxe4 9. dxe4 Bg4 10. h3 Bxf3 11. Qxf3 Qc7 12. c3 Rad8 13. Nc4 b5 14. Ne3 Ne5
15. Qe2 Nd3 16. Rd1 c4 17. Nc2 Nh5 18. Ne1 Nxf2 19. Rxd8 Nxh3+ 20. Bxh3 Qxg3+
21. Bg2 Rxd8 22. Qf2 Rd1 23. Qxg3 Nxg3 24. Kf2 Bh6 25. Nc2 Bxc1 26. Kxg3 Rd3+
27. Bf3 Bxb2 28. Rb1 Bxc3 29. Rxb5 f6 30. Rb7 Be5+ 31. Kf2 Rd2+ 32. Be2 Rxc2
33. Rxe7 Rxa2 34. Ke3 Ra3+ 35. Kd2 c3+ 0-1

[Event "IV Memorial Aldo Perini A"]
[Site "Senigallia ITA"]
[Date "2010.08.02"]
[Round "1"]
[White "Mandolini, Riccardo"]
[Black "Miandro, Steven"]
[Result "1/2-1/2"]
[WhiteElo "2101"]
[BlackElo "1841"]
[PlyCount "122"]
[EventDate "2010.08.02"]

1. Nc3 Nf6 2. e4 d6 3. d4 g6 4. Nf3 Bg7 5. h3 O-O 6. Be3 Nbd7 7. e5 Ne8 8. Bc4
Nb6 9. Bb3 d5 10. Qd2 c6 11. O-O-O Nc7 12. Bh6 Nb5 13. Ne2 Nc4 14. Bxc4 dxc4
15. Bxg7 Kxg7 16. Qb4 Be6 17. Nf4 a5 18. Nxe6+ fxe6 19. Qxc4 Nc7 20. Rd2 Qd7
21. Ng5 b5 22. Qf1 Nd5 23. Ne4 a4 24. Nc5 Qc8 25. Qd3 a3 26. c3 axb2+ 27. Rxb2
Ra3 28. Nb3 Nb6 29. Re1 Nc4 30. Ree2 Nxb2 31. Rxb2 Qd7 32. Qe4 Qd5 33. Qxd5
exd5 34. f3 Rfa8 35. Kb1 Rb8 36. Rc2 Ra4 37. Kb2 Rba8 38. Kb1 Kf7 39. Ka1 Ra3
40. Kb1 g5 41. Nc5 e6 42. Ka1 Ke7 43. Kb1 Rb8 44. Nd3 Kd7 45. Kb2 Rba8 46. Kb1
Ke7 47. Ka1 Kd7 48. Nc5+ Ke7 49. Kb1 Rb8 50. Nd3 Kd7 51. Kc1 Rba8 52. Nb4 Kc7
53. Kb1 Kd7 54. Kb2 Kc7 55. Kb1 Kd7 56. Nd3 Ke7 57. Nb4 Kd7 58. Kb2 Kc7 59. Rf2
R3a7 60. Kb1 Ra3 61. Rc2 Kd7 1/2-1/2